| 000 | 00550nam a22001697a 4500 | ||
|---|---|---|---|
| 999 |
_c8435 _d8435 |
||
| 008 | 201124b ||||| |||| 00| 0 eng d | ||
| 040 | _aBMS College of Architecture | ||
| 100 | _aMekala, Sai Chandana | ||
| 245 | _aKan du Dhathurukuran rah - an Island resort Maldives | ||
| 300 | _a48p. | ||
| 500 | _a1BM14AT025 | ||
| 502 |
_8B,Arch _NBMS College of Architecture, Visvesvaraya Technological University _aProject report _d2018 |
||
| 650 | _aIsland resort | ||
| 700 |
_aSridhar Morab _eGuide |
||
| 700 |
_ashantesh Kelvekar _eGuide |
||
| 942 |
_2ddc _cTHE |
||